Materiales y procedimientos de construccion pavimentos y pisos / Vicente P‚rez Alamá (Registro nro. 22838)

Detalles MARC
000 -LÍDER
fixed length control field 00548nam a2200157 4500
008 - ELEMENTOS DE LONGITUD FIJA -- INFORMACIÓN GENERAL
fixed length control field 0 2001 0a 000 0Mex
020 ## - NÚMERO INTERNACIONAL NORMALIZADO PARA LIBROS
ISBN 968-24-6238-X, 978-968-24-6238-2
050 ## - SIGNATURA TOPOGRAFICA DE LA BIBLIOTECA DEL CONGRESO (LC)
Número de Clasificación TH425 P47 2001
082 ## - NUMERO DE CLASIFICACION DECIMAL DEWEY
Número de Clasificación 690 P565mp
100 ## - ASIENTO PRINCIPAL--NOMBRE PERSONAL
Nombre personal P‚rez Alamá, Vicente
245 ## - TÍTULO
Título Materiales y procedimientos de construccion pavimentos y pisos / Vicente P‚rez Alamá
250 ## - MENCIÓN DE EDICIÓN
Mención de edición reimp. 2007
260 ## - PUBLICACIÓN, DISTRIBUCIÓN, ETC. (PIE DE IMPRENTA)
Lugar de publicación, distribución, etc. México : Trillas
300 ## - DESCRIPCIÓN FÍSICA
Extensión 96 p. / 27 cm.
650 ## - ASIENTO SECUNDARIO DE MATERIA - TERMINO TEMÁTICO
Término temático o nombre geográfico como elemento de entrada 1. CONSTRUCCION - CONTRATOS Y ESPECIFICACIONES \ 2. PAVIMENTOS \ 3. PISOS
Existencias
No. biblioteca No. biblioteca Número de clasificación Código de barras/Número de adquisición Número de copia Tipo de material
ÁREA DE CIVIL ÁREA DE CIVIL 690 P565mp 48982 1 Libros
ÁREA DE CIVIL ÁREA DE CIVIL 690 P565mp 50483 2 Libros
ÁREA DE CIVIL ÁREA DE CIVIL 690 P565mp 50484 3 Libros
ÁREA DE CIVIL ÁREA DE CIVIL 690 P565mp 50485 4 Libros
ÁREA DE CIVIL ÁREA DE CIVIL 690 P565mp 50486 5 Libros
ÁREA DE CIVIL ÁREA DE CIVIL 690 P565mp 50487 6 Libros
Calzada Tecnológico # 27, Zacatepec, Morelos.
01(734) 343-07-23 / 343-21-10 / 343-21-11
Apdo. Postal 45 C.P 62780